104 NTA Papers of JEE Main Chemistry/ (Record no. 207601)

MARC details
000 -LEADER
fixed length control field 00656nam a22001937a 4500
005 - DATE AND TIME OF LATEST TRANSACTION
control field 20241211153849.0
010 ## - LCCN (DPL NO)
LC control number DEC24SC ENG-142977
020 ## - INTERNATIONAL STANDARD BOOK NUMBER
International Standard Book Number 9789358705249
Terms of availability 699.00
035 ## - SYSTEM CONTROL NUMBER
System control number EN-126509
037 ## - SOURCE OF ACQUISITION
Source of stock number/acquisition DBAD
082 ## - DEWEY DECIMAL CLASSIFICATION NUMBER
Classification number 546
Edition number 1
245 ## - TITLE STATEMENT
Title 104 NTA Papers of JEE Main Chemistry/
Statement of responsibility, etc By S Chand
250 ## - EDITION STATEMENT
Edition statement 1
260 ## - PUBLICATION, DISTRIBUTION, ETC. (IMPRINT)
Place of publication, distribution, etc New Delhi
Name of publisher, distributor, etc S Chand and Company Limited
Date of publication, distribution, etc 2024
270 ## - ADDRESS
Address A-27, 2nd Floor, Mohan Co-operative Industrial Estate
City New Delhi
Postal code 110044
Electronic mail address info@schandpublishing.com
Telephone number 011-49731800
300 ## - PHYSICAL DESCRIPTION
Extent 666p.
Dimensions 26cm(pb)
500 ## - GENERAL NOTE
General note Chapter-wise Previous Years’ Solved Papers
942 ## - ADDED ENTRY ELEMENTS (KOHA)
Source of classification or shelving scheme Dewey Decimal Classification
Item type English Books
Classification part 546
Call number suffix JEE
Edition 1
Holdings
Withdrawn status Lost status Not for loan Collection code Home library Current library Date acquired Source of acquisition Cost, normal purchase price Full call number Barcode Copy number Cost, replacement price Koha item type
      Non-fiction Central Library Central Library 11/12/2024 Delivery of Books Division 699.00 546 JEE EN-126509 1 699.00 English Books

© Delhi Public Library
Hit Counter
free hit counter